000
00309nam a2200121Ia 4500
008
191201s2019 xx 000 0 und d
100
_a
CARNEGIE, Dale
245
0
_a
How to Win Friends and Influence People
260
_a
N.Delhi
_b
Vermilion London
300
_a
247
650
_a
General Books
942
_2
ddc
_c
BK
999
_c
1891
_d
1891